| Registos Bibliográficos associados ao registo de autoridade |
|
Etiqueta de registo: 00254nam 2200025 450 001 2284648 003 http://id.bnportugal.gov.pt/bib/catbnp/2284648 100 ## $a20260417d2025 k y0pory01030103ba 101 0# $apor$deng 102 ## $aPT 105 ## $ay m 000yy 106 ## $ar 200 1# $aExpropriações, deslocações involuntárias e realojamento de populações rurais na construção
do sistema eléctrico do Estado Novo (1933-1974)$eos que "estiveram no caminho" das barragens hidroeléctricas portuguesas$fLuís André Torres Pereira$gorient. Maria Luísa de Castro Coelho de Oliveira e Sousa 210 #9 $aLisboa$c[s.n.],$d2025 215 ## $aXV, 361 p.$d30 cm 328 #1 $aTese dout. História, Filosofia e Património da Ciência e Tecnologia, Nova School of
Science & Technology, Universidade Nova de Lisboa, 2025 675 ## $a94(469)"1933/1974"(043)$vBN$zpor$31403881 675 ## $a624.13(469)"1933/1974"(043)$vBN$zpor$31997252 675 ## $a314.72(469)"1933/1974"(043)$vBN$zpor$31997251 700 #1 $aPereira,$bLuís André Torres$31996126 702 #1 $aSousa,$bMaria Luísa de Castro Coelho de Oliveira e$4727$31299094 801 #0 $aPT$bBN$gRPC 966 ## $lBN$mFGMON$sH.G. 89143 V.$x1 971 ## $cisantos$d20260417 972 ## $e0$z0$d20260504$vasantos 973 ## $ctrodrigues$d20260429
|
|
|